000 00404pab a2200157 454500
008 180718b2009 xxu||||| |||| 00| 0 eng d
100 _aMohun, Simon
245 _aAggregate capital productivity in the US economy, 1964-2001
260 _c2009
300 _ap.1023-046.
362 _aSep
650 _aLabour productivity
773 _aCambridge Journal of Economics
908 _aN
909 _a83841
999 _c83841
_d83841